Mathematical methods in physics/ (Record no. 168221)
[ view plain ]
| 000 -LEADER | |
|---|---|
| fixed length control field | 00603nam a22001817a 4500 |
| 005 - DATE AND TIME OF LATEST TRANSACTION | |
| control field | 20190928152546.0 |
| 010 ## - LCCN (DPL NO) | |
| LC control number | B-99880 |
| 020 ## - INTERNATIONAL STANDARD BOOK NUMBER | |
| International Standard Book Number | 8177643185 |
| 035 ## - SYSTEM CONTROL NUMBER | |
| System control number | B-99880 |
| 037 ## - SOURCE OF ACQUISITION | |
| Source of stock number/acquisition | Allied Publishers Pvt Ltd. |
| 082 ## - DEWEY DECIMAL CLASSIFICATION NUMBER | |
| Classification number | 530.15 |
| 245 ## - TITLE STATEMENT | |
| Title | Mathematical methods in physics/ |
| Statement of responsibility, etc | Samual D. Lindenbaum |
| 260 ## - PUBLICATION, DISTRIBUTION, ETC. (IMPRINT) | |
| Place of publication, distribution, etc | New Delhi |
| Name of publisher, distributor, etc | Allied Publishers Pvt Ltd. |
| Date of publication, distribution, etc | 2002 |
| 270 ## - ADDRESS | |
| Address | A-104, Mayapuri, Phase-II |
| City | New Delhi |
| Postal code | 110064 |
| 300 ## - PHYSICAL DESCRIPTION | |
| Extent | 464p. |
| Dimensions | 24cm. |
| 942 ## - ADDED ENTRY ELEMENTS (KOHA) | |
| Source of classification or shelving scheme | Dewey Decimal Classification |
| Item type | English Books |
| Classification part | 530.15 |
| Call number suffix | LIN |
| Withdrawn status | Lost status | Not for loan | Collection code | Home library | Current library | Date acquired | Full call number | Barcode | Koha item type |
|---|---|---|---|---|---|---|---|---|---|
| Non-fiction | R.C.Libraries (zls) | Vinoba Puri | 28/09/2019 | 530.15 LIN | B-99880 | English Books |
